| 000 | 00969nam a2200265 a 4500 | ||
|---|---|---|---|
| 001 | 2012088 | ||
| 003 | AM-YeHGA | ||
| 005 | 20250617165038.0 | ||
| 008 | 250325s2001 ir oa|||r||d||00||0|per|d | ||
| 020 | _a9646337279 | ||
| 040 | _aAM-YeHGA | ||
| 041 | 0 | _aper | |
| 100 | 1 | _aعباس ،مزرعتی | |
| 245 | 1 | 0 |
_aفرهنگ بیذوی / _c.عباس مزرعتی، علی مزرعتی، دکتر محمد مزرعتی؛ با پیشگفتار و یاوری دکتر فریدون جنیدی |
| 246 | 3 |
_aFarhang-e Bizovoy _b(A dictionary of the Bizovoy language) |
|
| 250 | _aچاپ دوم | ||
| 260 |
_aتهران : _bبنیاد نیشابور، نشر بلخ، _c2001 [1380]. |
||
| 300 |
_a271 p. ; _bphotos, ill |
||
| 650 | 1 | 4 |
_aPersian Language _vDialectology |
| 700 | 1 |
_aعلی ،مزرعتی _4aut |
|
| 700 | 1 |
_aمحمد ،مزرعتی _4aut |
|
| 700 | 1 |
_aفریدون،جنیدی _4aui |
|
| 942 |
_2udc _cBK |
||
| 090 | _c573222 | ||
| 999 |
_c533791 _d533791 |
||